| 000 | 01539nam a2200433 i 4500 | ||
|---|---|---|---|
| 001 | DIGRILEDIT0893 | ||
| 003 | NyNyDIG | ||
| 008 | 221005s2018 cl a o 000 0 spa d | ||
| 006 | m o d | ||
| 007 | cr ||||||||||| | ||
| 035 | _a(OCoLC)1356297041 | ||
| 040 |
_aDGITA _beng _erda _epn _cDGITA |
||
| 020 | _z9789560106155 | ||
| 050 | 1 | 4 | _aPN6790.C53 ebook |
| 082 | 0 | 4 | _a741.5973 |
| 100 | 0 |
_aGaviota Cercós, _eauthor. |
|
| 245 | 1 | 0 |
_aAlfonsina : _ben busca de la verdad / _cGaviota Cercós. |
| 246 | 3 | 0 | _bEn busca de la venganza |
| 264 | 1 |
_aSantiago de Chile : _bRiL editores, _c[2018] |
|
| 300 |
_a1 online resource : _billustrations. |
||
| 336 |
_atext _btxt _2rdacontent |
||
| 337 |
_acomputer _bc _2rdamedia |
||
| 338 |
_aonline resource _bcr _2rdacarrier |
||
| 347 |
_atext file _2rdaft |
||
| 347 | _bPDF | ||
| 490 | 1 | _aIlustrados! | |
| 588 | 0 | _aOnline resource; title from PDF title page (Digitalia, viewed October 5, 2022) | |
| 650 | 0 | _aWomen artists. | |
| 650 | 0 | _aCaricatures and cartoons. | |
| 650 | 0 | _aComic books, strips, etc. | |
| 655 | 7 |
_aComics (Graphic works). _2lcgft |
|
| 776 | 0 | 8 |
_iPrint version: _aGaviota Cercós. _tAlfonsina. _bPrimera edición. _dSantiago de Chile : RiL editores, [2018] _z9789560106155 |
| 791 | 2 |
_aDigitalia (Firm), _edistributor. |
|
| 793 | 0 |
_gDigitalia eBook Collection: _aRil Editores |
|
| 830 | 0 | _aIlustrados! (Santiago, Chile) | |
| 856 | 4 | 0 |
_3Digitalia Hispánica _uhttps://www.digitaliapublishing.com/a/65387/ |
| 910 | _aPremium collection: 2022 | ||
| 942 | _cRAA | ||
| 999 |
_c260795 _d260795 |
||